1428 1461 1785 1033 1887 1384 1977 1671 1049 1218 1561 1920 1167 1343 1965 1666 1824 1554 1514 1709 1860 1541 1946 1129 1334 1522 1537 1000 1020 1746 1334 1377 1539 1766 1519 1454 1569 1215 1205 1509 1693 1434 1473 1934 1778 1477 1091 1269 1786 1684 1510 1685 1131 1593 1245 1877 1133 1167 1746 1098 1781 1636 1430 1503 1941 1521 1323 1530 1105 1792 1225 1288 1980 1964 1557 1250 1638 1209 1791 1284 1899 1181 1010 1677 1835 1467 1138 1418 1210 1844 1443 1104 1980 1149 1026 1501 1238 1146 1394 BCNSPRNW ULIB Ver.6.0+V

เปลี่ยนเป็นภาษาไทย

Change to English
 แสดงรายละเอียดบรรณานุกรม
  กลับหน้าหลัก

Brief Record : Get Marc (ISO 2709) : E-mail record : QR code < ปิดหน้าต่าง
LEADER : 00000nam 2200000uu 4500
001    13399111072
003     ULIB
008    110616s||||||||th 000 0 tha d
020    9789743265259
050  4 H62.7^bค181 2553
245 00 ความต้องการใช้ข้อมูลการวิจัยของภาคธุรกิจและภาคการศึกษาเอกชน /^cโดยกลุ่มกิจการพิเศษ สำนักงานคณะกรรมการแห่งชาติ (วช.)
260    กรุงเทพฯ :^bอรุณการพิมพ์,^c2553
300    146 หน้า :^bภาพประกอบ
650  4 ธุรกิจเอกชน
650  4 องค์กรธุรกิจชุมชน^xข้อมูล
710 2  สำนักคณะกรรมการวิจัยแห่งชาติ (วช.).^bกลุ่มกิจการพิเศษ
945    ^p0^l0^i025702
945    ^p0^l0^i025191
945    ^p0^l0^i030156
945    ^p0^l0^i027537
995     เกษร
999 ^a ใช้งานได้ทุกระบบ
รายการนี้ยังไม่มีแท็ก
คุณยังไม่ได้ล็อกอิน คุณสามารถมีกิจกรรมร่วมกับเว็บไซต์ได้ แต่ต้องล็อกอินก่อน ::
  ล็อกอิน

รายการสื่อสารสนเทศ

ลำดับที่ ประเภท เลขเรียก/บาร์โค้ด สถานที่ สถานะ
- ไม่พบข้อมูล -

BibComment


ยังไม่เคยถูกคอมเมนท์

คอมเมนท์ทรัพยากรรายการนี้
  คอมเมนท์: ความต้องการใช้ข้อ..


 Copyright 2026. Bcnsprnw @Library